LEADER 00793nam0-22003011i-450- 001 990005638600403321 005 20060830122557.0 010 $a0-500-09076-9 035 $a000563860 035 $aFED01000563860 035 $a(Aleph)000563860FED01 035 $a000563860 100 $a19990604d1970----km-y0itay50------ba 101 0 $aeng 105 $aa-------00--- 200 1 $aAndy Warhol$fRainer Crone 210 $aLondon$cThames and Hudson$d1970 215 $a331 0.$cill.$d29 cm 610 0 $aWarhol, Andy 676 $a759.13$v21$zita 700 1$aCrone,$bRainer$0217434 801 0$aIT$bUNINA$gRICA$2UNIMARC 901 $aBK 912 $a990005638600403321 952 $a759.13 WAR 1$bST. ARTE 10679$fFLFBC 959 $aFLFBC 996 $aAndy Warhol$9565630 997 $aUNINA LEADER 01022nam0-2200349li-450 001 990000142500203316 005 20180312154838.0 010 $a0-471-54201-6 035 $a0014250 035 $aUSA010014250 035 $a(ALEPH)000014250USA01 035 $a0014250 100 $a20001109d1992----km-y0itay0103----ba 101 0 $aeng 102 $aUS 200 1 $aChemical processing of advanced materials$fedited by Larry L. Hench ... [et al.] 210 $aNew York [etc.]$cJohn Wiley & Sons$dcopyr. 1992 610 1 $aceramiche 610 1 $avetri 676 $a666.$9. 702 1$aHench,$bLarry L. 801 $aSistema bibliotecario di Ateneo dell' Università di Salerno$gRICA 912 $a990000142500203316 951 $a666 CHE (A)$b0004834 959 $aBK 969 $aTEC 979 $c19940729 979 $c20001110$lUSA01$h1712 979 $c20020403$lUSA01$h1622 979 $aPATRY$b90$c20040406$lUSA01$h1610 996 $aChemical processing of advanced materials$91501293 997 $aUNISA LEADER 04359nam1 2200769 i 450 001 IEI0057164 005 20251003044157.0 100 $a19920928g1992 ||||0itac50 ba 101 | $aita 102 $ait 181 1$6z01$ai $bxxxe 182 1$6z01$an 200 1 $aRapporto su Lo sviluppo umano$fUNDP 210 $aTorino$cRosenberg & Sellier 215 $a v.$d28 cm. 312 $aTit. sul dorso: ˆLo ‰sviluppo umano$9IEI0074129 463 1$1001BVE0056412$12001 $aˆ5: ‰Nuove sicurezze$v5 463 1$1001BVE0155209$12001 $aˆ8: ‰Sradicare la povertà$v8 463 1$1001IEI0056399$12001 $aˆ1: ‰Come si definisce, come si misura 463 1$1001IEI0056402$12001 $aˆ2: ‰Per una riforma della spesa sociale$v2 463 1$1001IEI0077462$12001 $aˆ3: ‰Come ridurre le diseguaglianze mondiali$v3 463 1$1001IEI0077464$12001 $aˆ4: ‰Decentrare per partecipare$v4 463 1$1001IEI0094404$12001 $aˆ6: La ‰parte delle donne$v6 463 1$1001IEI0131213$12001 $aˆ10: La ‰globalizzazione$v10 463 1$1001LO10528187$12001 $aˆ11: I ‰diritti umani$v11 463 1$1001MOD0746331$12001 $aˆ13: La ‰qualita della democrazia$fUNDP$v13 463 1$1001MOD1380496$12001 $aˆ17: L'‰acqua tra potere e povertà$fUNDP$v17 463 1$1001PUV0292981$12001 $aˆ7: Il ‰ruolo della crescita economica$v7 463 1$1001REA0039302$12001 $a8$eSradicare la povertà$v8 463 1$1001TSA0319470$12001 $aˆ12: ‰Come usare le nuove tecnologie$v12 463 1$1001UBO0308833$12001 $aˆ9: I ‰consumi ineguali$v9 463 1$1001UFE0248863$12001 $aˆ14: Le ‰azioni politiche contro la povertà$fUNDP$v14 463 1$1001UFI0472699$12001 $aˆ16: La ‰cooperazione internazionale a un bivio$fUNDP$v16 463 1$1001USM1375397$12001 $aˆ15: La ‰libertà culturale in un mondo di diversità$fUNDP$v15 463 1$1001USM1738038$12001 $aˆ18: ‰Resistere al cambiamento climatico$fUNDP$v18 517 1 $aˆLo ‰sviluppo umano. -$9IEI0074129 606 $aSocietà e sviluppo economico$2FIR$3CFIC000371$9E 676 $a303.44$9CRESCITA E SVILUPPO SOCIALE$v19 676 $a303.44$9CRESCITA E SVILUPPO SOCIALE$v20 676 $a303.44$9CAMBIAMENTO SOCIALE. CRESCITA E SVILUPPO$v21 686 $aX30.0$cSTORIA ECONOMICO-SOCIALE$2R 686 $aX30.7$cDEMOGRAFIA E PROBLEMI SOCIO-SANITARI$2R 686 $aX30.8$cSTRUTTURE SOCIALI CLASSI E CETI$2R 712 02$aUnited nations development programme$3TO0V034186 791 02$aPNUD$3LIGV002339$zUnited nations development programme 791 02$aProgramme des Nations unies pour le développement$3MILV138068$zUnited nations development programme 791 02$aUNDP$3TO0V034187$zUnited nations development programme 791 02$aProgramma delle Nazioni Unite per lo sviluppo$3UFIV075805$zUnited nations development programme 791 02$aPNUS$3UFIV075806$zUnited nations development programme 791 02$aPNUD$3LIGV002339$zUnited nations development programme 791 02$aProgramme des Nations unies pour le développement$3MILV138068$zUnited nations development programme 791 02$aUNDP$3TO0V034187$zUnited nations development programme 791 02$aProgramma delle Nazioni Unite per lo sviluppo$3UFIV075805$zUnited nations development programme 791 02$aPNUS$3UFIV075806$zUnited nations development programme 801 3$aIT$bIT-000000$c19920928 850 $aIT-BN0095 $aIT-SA0238 $aIT-NA0075 $aIT-NA0452 $aIT-SA0370 901 $bNAP IS$cISEM $nSezione di storia economica dell'ex Istituto di storia economica del Mezzogiorno 901 $bNAP 01$cPOZZO LIB.$nVi sono collocati fondi di economia, periodici di ingegneria e scienze, periodici di economia e statistica e altri fondi comprendenti documenti di economia pervenuti in dono. 901 $bNAP OP$cSALA 1 $n$ 901 $bNAP 55$cSOC.CUL.CO$nSociologia dei Processi Culturali e Comunicativi 901 $bNAP IS$cIREM $nSezione di economia dell'ex Istituto di ricerca sull'economia del Mediterraneo 912 $aIEI0057164 950 1$aBiblioteca Centralizzata di Ateneo$bv. 1;6$cv. 1;6$d 01POZZO LIB.ECON MON 5590 967 $m19 977 $a 01$a 55$a GE$a IS$a OP 996 $aRAPPORTO SU LO SVILUPPO UMANO$9450535 997 $aUNISANNIO